000 00851nam a22002777a 4500
003 CHAP
005 20220329141706.0
008 971013s1962 r 00010 d
010 _a72287
011 _a73259
035 _a82816
040 _cCHAP
090 _aFolleto 1260
110 _aCanada. Department of Agriculture
_918180
245 _aResearch report, 1956-1961
_b: Plant Pathology Laboratory, Edmonton, Alberta
260 _aOttawa :
_b(s.e.),
_c1962
300 _a17 p.
590 _aBATCH-UPD
_b10
_c20130110
_lUCH01
_h0314
590 _aBATCH-UPD
_b10
_c20130409
_lUCH01
_h2346
590 _aBATCH-UPD
_b10
_c20130914
_lUCH01
_h1414
590 _aCONVERSION
_b10
_c20130109
_lUCH01
_h1340
650 1 4 _aFitopatología
_xInvestigación.
_941171
901 _aBK
942 _cFOLL
949 _aFolleto 1260
_bBC
_cFOLL
_d-37058
_eTS1
_i82816
_si
999 _c72287
_d72287